El misterio de Dios correspondencia y paradojas: una propuesta sistemática

Furkejuvvon:
Bibliográfalaš dieđut
Váldodahkki: Ferrara, Ricardo (Dahkki)
Materiálatiipa: Girji
Giella:espánnjágiella
Almmustuhtton: Salamanca Ediciones Sígueme 2005
Preanttus:1a. ed
Ráidu:Lux Mundi, 83
Fáttát:
Fáddágilkorat: Lasit fáddágilkoriid
Eai fáddágilkorat, Lasit vuosttaš fáddágilkora!

MARC

LEADER 00000cam a2200000 a 4500
001 UCE7590
003 CL-VaPUC
008 150626e20050000sp |||||||||||||||||spa|d
020 |a 8430115544 
082 0 4 |a 231  |b FER  |2 21 
100 0 |a Ferrara, Ricardo  |e author  |9 580263 
245 1 3 |a El misterio de Dios correspondencia y paradojas: una propuesta sistemática 
250 |a 1a. ed 
300 |a 687 p 
942 |c BK 
945 |d 20150626 15:30:00  |a gsalatino 
260 |a Salamanca  |b Ediciones Sígueme  |c 2005 
600 0 |a Dios  |9 314467 
650 0 |a Interpretación de la Biblia  |9 311877 
583 |a last modification  |c 20150626 15:30:00  |k Rodrigo Vera 
490 0 |a Lux Mundi, 83 
999 |c 359645  |d 359643 
952 |0 0  |1 0  |3 erd  |4 0  |6 231_000000000000000_FER_2005  |7 0  |8 A  |9 469038  |a BIBTEO  |b BIBTEO  |e Casale Rolle, Carlos Ignacio, -2014  |i 5183111  |o 231 FER 2005  |p 5183111  |r 2025-01-17  |w 2019-11-23  |y BK  |z Catalogado en:20150626  |k ICR